Normal view
MARC view
- Sepulchral monuments
Entry Topical Term
001 - CONTROL NUMBER
- control field: 1745
003 - CONTROL NUMBER IDENTIFIER
- control field: NUST
005 - DATE AND TIME OF LATEST TRANSACTION
- control field: 20170601092414.0
008 - FIXED-LENGTH DATA ELEMENTS
- fixed length control field: 170601|| aca||aabn | a|a d
040 ## - CATALOGING SOURCE
- Original cataloging agency: NUST
- Transcribing agency: NUST
150 ## - HEADING--TOPICAL TERM
- Topical term or geographic name entry element: Sepulchral monuments
- Geographic subdivision: Pakistan
- Geographic subdivision: Sindh.
670 ## - SOURCE DATA FOUND
- Source citation: Work cat.: (NUST)0: Brohī, ʻAlī Aḥmad. 1744, History on tombstones :, [1986?]
